000 00397nam a2200169Ia 4500
008 230524s9999 xx 000 0 und d
020 _a8174461817
082 _a617.03
_bBHA
100 _aR.S.Bhardwaj
245 0 _aBusiness Statistics
250 _a1ST
260 _aNEW DELHI
_bExcel
_c2006
300 _aVIII;25-15
500 _aQuantity Number: 10
650 _aManagement
942 _cBK
999 _c38508
_d38508